[Event "IND-ch (Women) 46th"]
[Site "Managiri"]
[Date "2019.07.26"]
[Round "10"]
[White "Nandhini, Saripalli"]
[Black "Shah, Vishwa Megh"]
[Result "1-0"]
[WhiteElo "1933"]
[BlackElo "1734"]
[PlyCount "93"]
[EventDate "2019.07.19"]
[EventType "swiss"]
[EventRounds "11"]
[EventCountry "IND"]
[SourceTitle "EXT 2020"]
[Source "ChessBase"]
[SourceDate "2019.10.17"]
[SourceVersion "1"]
[SourceVersionDate "2019.10.17"]
[SourceQuality "1"]

1. e4 e5 2. Nf3 Nc6 3. Nc3 Nf6 4. d4 exd4 5. Nxd4 Bb4 6. Nxc6 bxc6 7. Bd3 d5 8. exd5 cxd5 9. 0-0 0-0 10. h3 h6 11. Qf3 c6 12. Bf4 Bd6 13. Rfe1 Be6 14. Ne2 c5 15. Rad1 d4 16. b3 Bd5 17. Qg3 Nh5 18. Qg4 Nf6 19. Qh4 Ne4 20. Qxd8 Rfxd8 21. c4 Bb7 22. Bxe4 Bxe4 23. Bxd6 Rxd6 24. Nxd4 Bxg2 25. Kxg2 cxd4 26. Rd3 Kf8 27. c5 Rd5 28. Rc1 Ke7 29. Rc4 Rad8 30. b4 Kf6 31. a4 Ke5 32. b5 Rc8 33. c6 f5 34. f3 g5 35. Kf2 h5 36. Rb4 Rb8 37. Rd1 d3 38. Ke3 f4+ 39. Kd2 Kf5 40. Rc1 g4 41. hxg4+ hxg4 42. fxg4+ Kxg4 43. c7 Rc8 44. a5 Kg3 45. b6 Rxa5 46. b7 Ra2+ 47. Kxd3 1-0

[Event "IND-ch (Women) 46th"]
[Site "Managiri"]
[Date "2019.07.21"]
[Round "4"]
[White "Nandhini, Saripalli"]
[Black "Michelle, Catherina P"]
[Result "1/2-1/2"]
[WhiteElo "1933"]
[BlackElo "2226"]
[PlyCount "63"]
[EventDate "2019.07.19"]
[EventType "swiss"]
[EventRounds "11"]
[EventCountry "IND"]
[SourceTitle "EXT 2020"]
[Source "ChessBase"]
[SourceDate "2019.10.17"]
[SourceVersion "1"]
[SourceVersionDate "2019.10.17"]
[SourceQuality "1"]

1. e4 e5 2. Nf3 Nc6 3. Bc4 Nf6 4. Ng5 d5 5. exd5 Na5 6. Bb5+ c6 7. dxc6 bxc6 8. Bd3 Nd5 9. Nf3 Bd6 10. 0-0 Nf4 11. Re1 Nxd3 12. cxd3 0-0 13. Nc3 Re8 14. Ne4 Bg4 15. h3 Bh5 16. Ng3 Bg6 17. b4 Bxb4 18. Qa4 Bd6 19. Ba3 Nb7 20. Rab1 Nc5 21. Qxc6 Bf8 22. Bxc5 Rc8 23. Qa4 Bxc5 24. Nxe5 Bxf2+ 25. Kxf2 Rxe5 26. Rxe5 Qf6+ 27. Rf5 Bxf5 28. Nxf5 Qxf5+ 29. Kg1 Qxd3 30. Re1 g6 31. Re8+ Rxe8 32. Qd1 1/2-1/2

[Event "IND-ch U25 26th"]
[Site "Port Blair"]
[Date "2017.07.19"]
[Round "9"]
[White "Panda, Sambit"]
[Black "Nandhini, Saripalli"]
[Result "0-1"]
[WhiteElo "2047"]
[BlackElo "1742"]
[PlyCount "96"]
[EventDate "2017.07.13"]
[EventType "swiss"]
[EventRounds "9"]
[EventCountry "IND"]
[SourceTitle "EXT 2018"]
[Source "ChessBase"]
[SourceDate "2017.10.13"]
[SourceVersion "1"]
[SourceVersionDate "2017.10.13"]
[SourceQuality "1"]

1. d4 d5 2. c4 e6 3. Nc3 c6 4. e3 f5 5. Nf3 Nf6 6. Bd3 Bd6 7. 0-0 0-0 8. b3 Ne4 9. Bb2 Nd7 10. Ne2 Qf6 11. Ng3 Qh6 12. Ne5 Ndf6 13. Nxe4 fxe4 14. Be2 Bd7 15. h3 Be8 16. a4 Nd7 17. Bg4 Rd8 18. Qc2 Bh5 19. Bxh5 Qxh5 20. Nxd7 Rxd7 21. Qd1 Rf3 22. Qe2 Rdf7 23. Rfe1 Qg5 24. Kf1 Rxf2+ 25. Qxf2 Rxf2+ 26. Kxf2 Bg3+ 27. Kg1 Bxe1 28. Rxe1 dxc4 29. b4 a5 30. Bc3 axb4 31. Bxb4 h6 32. Bc3 Qe7 33. Ra1 Qd8 34. Rb1 Qg5 35. Kf2 Qe7 36. Ra1 Qh4+ 37. Kf1 Qg3 38. Re1 h5 39. a5 Qg5 40. Re2 Kh7 41. Kf2 Qb5 42. Rb2 Qa4 43. Ke2 Qa1 44. Kd2 Qf1 45. Rc2 Qxg2+ 46. Kc1 Qxh3 47. Bd2 Qh1+ 48. Kb2 h4 0-1

[Event "IND-ch U25 26th"]
[Site "Port Blair"]
[Date "2017.07.14"]
[Round "2"]
[White "Nandhini, Saripalli"]
[Black "Bavankumar"]
[Result "0-1"]
[WhiteElo "1742"]
[BlackElo "2127"]
[PlyCount "72"]
[EventDate "2017.07.13"]
[EventType "swiss"]
[EventRounds "9"]
[EventCountry "IND"]
[SourceTitle "EXT 2018"]
[Source "ChessBase"]
[SourceDate "2017.10.13"]
[SourceVersion "1"]
[SourceVersionDate "2017.10.13"]
[SourceQuality "1"]

1. d4 c5 2. dxc5 Na6 3. e4 Nxc5 4. Nc3 d6 5. Be3 Ne6 6. Nf3 g6 7. Nd4 Bg7 8. Qd2 Nf6 9. f3 0-0 10. 0-0-0 Nxd4 11. Bxd4 Be6 12. Kb1 a6 13. h4 h5 14. Be2 b5 15. Nd5 Bxd5 16. exd5 Qd7 17. Rhg1 Qf5 18. Bc3 Rfc8 19. g4 hxg4 20. fxg4 Qd7 21. Qe3 Rc5 22. Bxf6 Bxf6 23. g5 Be5 24. Bg4 Qc7 25. Rd2 Qa5 26. h5 Qb4 27. c3 Rxc3 28. Qf2 Rf8 29. hxg6 fxg6 30. Be6+ Kg7 31. Qe2 Rcf3 32. Qg2 Qe4+ 33. Kc1 Bf4 34. Rgd1 Bxd2+ 35. Qxd2 Rf1 36. Qg2 Qc4+ 0-1

[Event "Barbera del Valles op 39th"]
[Site "Barbera del Valles"]
[Date "2016.07.11"]
[Round "8"]
[White "Nandhini, Saripalli"]
[Black "Sapale, Saloni"]
[Result "1/2-1/2"]
[WhiteElo "1716"]
[BlackElo "1929"]
[PlyCount "30"]
[EventDate "2016.07.04"]
[EventType "swiss"]
[EventRounds "9"]
[EventCountry "ESP"]
[SourceTitle "EXT 2017"]
[Source "ChessBase"]
[SourceDate "2016.10.25"]
[SourceVersion "1"]
[SourceVersionDate "2016.10.25"]
[SourceQuality "1"]

1. d4 d5 2. c4 c6 3. cxd5 cxd5 4. Bf4 Nf6 5. Nc3 Nc6 6. e3 Bf5 7. Qb3 Na5 8. Qa4+ Bd7 9. Qc2 e6 10. Bd3 Rc8 11. Nf3 Be7 12. 0-0 0-0 13. Ne5 a6 14. Qe2 b5 15. Rac1 Nc4 1/2-1/2

[Event "Barbera del Valles op 39th"]
[Site "Barbera del Valles"]
[Date "2016.07.07"]
[Round "4"]
[White "Perez Garcia, Adria"]
[Black "Nandhini, Saripalli"]
[Result "1-0"]
[WhiteElo "1984"]
[BlackElo "1716"]
[PlyCount "105"]
[EventDate "2016.07.04"]
[EventType "swiss"]
[EventRounds "9"]
[EventCountry "ESP"]
[SourceTitle "EXT 2017"]
[Source "ChessBase"]
[SourceDate "2016.10.25"]
[SourceVersion "1"]
[SourceVersionDate "2016.10.25"]
[SourceQuality "1"]

1. e4 e5 2. Nf3 Nc6 3. Bb5 a6 4. Ba4 Nf6 5. 0-0 Be7 6. Re1 b5 7. Bb3 d6 8. c3 0-0 9. h3 Na5 10. Bc2 c5 11. d4 Qc7 12. d5 Bd7 13. b3 Nb7 14. c4 b4 15. Nbd2 g6 16. Nf1 Nh5 17. Bh6 Ng7 18. Qd2 a5 19. a4 Nd8 20. g4 f6 21. Ng3 Nf7 22. Be3 Qc8 23. Kh2 Kh8 24. Rg1 Bxg4 25. hxg4 Qxg4 26. Bd1 Qd7 27. Bh6 Nxh6 28. Qxh6 f5 29. Rh1 fxe4 30. Kg1 Nh5 31. Nxh5 gxh5 32. Qxh5 Rg8+ 33. Kf1 Rg7 34. Bc2 exf3 35. Bxh7 Qg4 36. Bf5+ Qxh5 37. Rxh5+ Kg8 38. Be6+ Rf7 39. Rf5 Raf8 40. Rxf3 Kg7 41. Rxf7+ Rxf7 42. Bxf7 Kxf7 43. Re1 Ke8 44. Kg2 Kd7 45. Kf3 Bg5 46. Rg1 Bf6 47. Rg8 Bd8 48. Ke4 Be7 49. Kf5 Bh4 50. f3 Bd8 51. Rxd8+ Kxd8 52. Ke6 Kc7 53. Ke7 1-0

[Event "IND-chB (Women) 42nd"]
[Site "Bhayandar"]
[Date "2015.07.08"]
[Round "8"]
[White "Parnali, S Dharia"]
[Black "Nandhini, Saripalli"]
[Result "1-0"]
[WhiteElo "2056"]
[BlackElo "1756"]
[PlyCount "93"]
[EventDate "2015.07.02"]
[EventType "swiss"]
[EventRounds "11"]
[EventCountry "IND"]
[SourceTitle "CBM 167 Extra"]
[Source "ChessBase"]
[SourceDate "2015.09.14"]
[SourceVersion "1"]
[SourceVersionDate "2015.09.14"]
[SourceQuality "1"]

1. d4 d5 2. Nf3 e6 3. c4 Nf6 4. g3 dxc4 5. Qa4+ Bd7 6. Qxc4 Bc6 7. Bg2 Bd5 8. Qd3 Nc6 9. Nc3 Bxf3 10. Bxf3 Qd7 11. 0-0 0-0-0 12. Bxc6 Qxc6 13. Bg5 Qd7 14. Rfd1 h6 15. Bxf6 gxf6 16. Rac1 Kb8 17. a4 f5 18. d5 Bd6 19. Nb5 a6 20. dxe6 Qxe6 21. Nd4 Qe4 22. Nxf5 Qxa4 23. Rc4 Qb5 24. Rd4 Qxd3 25. R1xd3 Rde8 26. Nxd6 cxd6 27. e3 Re5 28. Rxd6 Rb5 29. b3 h5 30. Rf6 Rh7 31. f4 a5 32. Rfd6 Ka7 33. Kf2 b6 34. e4 Ka6 35. Rd7 Rg7 36. e5 Rg6 37. Rxf7 Rc6 38. Ke3 Rc1 39. Kd2 Rh1 40. e6 Rxh2+ 41. Ke3 Rh1 42. e7 Re1+ 43. Kd2 Re4 44. Re3 Rxe7 45. Rfxe7 Rd5+ 46. Rd3 Rf5 47. Re5 1-0

[Event "IND-chB (Women) 41st"]
[Site "Mapusa"]
[Date "2014.09.15"]
[Round "11"]
[White "Nandhini, Saripalli"]
[Black "Soumya, Swaminathan"]
[Result "0-1"]
[WhiteElo "1767"]
[BlackElo "2352"]
[PlyCount "76"]
[EventDate "2014.09.07"]
[EventType "swiss"]
[EventRounds "11"]
[EventCountry "IND"]
[SourceTitle "CBM 162 Extra"]
[Source "ChessBase"]
[SourceDate "2014.10.17"]
[SourceVersion "1"]
[SourceVersionDate "2014.10.17"]
[SourceQuality "1"]

1. d4 d5 2. Nc3 Nf6 3. Bg5 Nbd7 4. f3 c6 5. e4 dxe4 6. fxe4 Qa5 7. e5 Ne4 8. Bd2 Nxd2 9. Qxd2 e6 10. Ne4 Qxd2+ 11. Kxd2 c5 12. c3 b6 13. Nf3 Bb7 14. Bd3 Be7 15. Rhf1 0-0 16. Rac1 Rad8 17. Ke3 h6 18. Rcd1 Bd5 19. Bb1 Nb8 20. b3 cxd4+ 21. Nxd4 a6 22. c4 Ba8 23. g3 Nd7 24. Nf3 Bb4 25. Bc2 b5 26. cxb5 axb5 27. Nd6 Bxf3 28. Kxf3 Nxe5+ 29. Ke4 Bxd6 30. Rxd6 Rxd6 31. Kxe5 Rd2 32. Bb1 Rxh2 33. a4 bxa4 34. bxa4 Ra8 35. Rf4 Ra5+ 36. Kd6 Rb2 37. Be4 g5 38. Rf3 Rxa4 0-1